Your Baby and Toddler from Birth to 3 Years : (Record no. 36590)
[ view plain ]
| 000 -LEADER | |
|---|---|
| fixed length control field | 00555nam a22001697a 4500 |
| 005 - DATE AND TIME OF LATEST TRANSACTION | |
| control field | 20241001121528.0 |
| 008 - FIXED-LENGTH DATA ELEMENTS--GENERAL INFORMATION | |
| fixed length control field | 241001b |||||||| |||| 00| 0 eng d |
| 020 ## - INTERNATIONAL STANDARD BOOK NUMBER | |
| ISBN | 1405506998 |
| 082 ## - DEWEY DECIMAL CLASSIFICATION NUMBER | |
| Classification number | 649.122 |
| Item number | MUE-Y |
| 100 ## - MAIN ENTRY--AUTHOR | |
| Author Name | Mueser , Anne Marie |
| 245 ## - TITLE STATEMENT | |
| Title | Your Baby and Toddler from Birth to 3 Years : |
| Statement of responsibility, etc. | a Step-By-Step Guide to Your Child's Development/ |
| Remainder of title | by Anne Marie Mueser |
| 260 ## - PUBLICATION, DISTRIBUTION, ETC. | |
| Place of Publication | London : |
| Name of publisher, distributor, etc. | Gardners Book ; |
| Date of publication, distribution, etc. | 2004 |
| 300 ## - PHYSICAL DESCRIPTION | |
| Pages | 248 p. : |
| 500 ## - GENERAL NOTE | |
| General note | Include Index. |
| 650 ## - SUBJECT ADDED ENTRY--TOPICAL TERM | |
| Subject / Department | Food science / Nutrition |
| 300 ## - PHYSICAL DESCRIPTION | |
| -- | col. ill ; |
| -- | 24 cm |
| 952 ## - LOCATION AND ITEM INFORMATION (KOHA) | |
| -- | 0 |
| -- | 0 |
| Lost status | Damaged status | Collection code | Permanent Location | Current Location | Shelving Location | Date acquired | Full Call Number | Accession No./Barcode | Date last seen | item type | Koha item type |
|---|---|---|---|---|---|---|---|---|---|---|---|
| Architecture | Superior Information Resource Center (SIRC) Superior University- Main Campus | Superior Information Resource Center (SIRC) Superior University- Main Campus | Nutrition | 10/01/2024 | 649.122 MUE-Y 2004 | 29427 | 10/01/2024 | BOOK | BOOK |
